000 01483nam a22003254a 4500
001 ebr10071528
003 CaPaEBR
006 m u
007 cr cn|||||||||
008 020905s2002 dcua sb 000 0 eng
010 _z 2002112634
020 _z0309084865
040 _aCaPaEBR
_cCaPaEBR
035 _a(OCoLC)70750682
050 1 4 _aTD774
_b.B55 2002eb
082 0 4 _a628.3/64
_222
245 0 0 _aBiosolids applied to land
_h[electronic resource] :
_badvancing standards and practices /
_cCommittee on Toxicants and Pathogens in Biosolids Applied to Land, Board on Environmental Studies and Toxicology, Division on Earth and Life Studies, National Research Council.
260 _aWashington, D.C. :
_bNational Academies Press,
_cc2002.
300 _axviii, 345 p. :
_bill.
504 _aIncludes bibliographical references.
533 _aElectronic reproduction.
_bPalo Alto, Calif. :
_cebrary,
_d2013.
_nAvailable via World Wide Web.
_nAccess may be limited to ebrary affiliated libraries.
650 0 _aLand treatment of wastewater.
650 0 _aSewage sludge
_xManagement.
650 0 _aSewage disposal in the ground
_xHealth aspects.
650 0 _aSewage disposal plants
_xStandards
_zUnited States.
650 0 _aHealth risk assessment
_zUnited States.
655 7 _aElectronic books.
_2local
710 2 _aebrary, Inc.
856 4 0 _uhttp://site.ebrary.com/lib/rucke/Doc?id=10071528
_zAn electronic book accessible through the World Wide Web; click to view
999 _c44108
_d44108